Pokémon Category Elimination - Moves - Statistics

General Stats
  • This quiz has been taken 198 times
  • The average score is 13 of 20
Answer Stats
Color # Criteria Answer % Correct
Blue 30 A move that can Burn the foe
96%
Red 30 A Dragon type move
96%
Red 23 that is not a z-move, dynamax,status, or set damage move
92%
Red 9 Introduced in Gen 4 or earlier
92%
Green 22 A move that lowers foe's Defense
90%
Blue 13 That is not 100% accurate
87%
Yellow 44 Moves with increased priority
87%
Red 4 that has a base power lower than100
86%
Yellow 22 That can inflict damage to theopponent
85%
Yellow 14 and was never a signature move for a Pokémon or its' line
82%
Blue 9 and is a special move
78%
Green 14 and is not a status move
61%
Blue 3 and has between 90-100 base power
53%
Green 8 with a 50% or greater chance to lower defense (in any gen)
44%
Blue 1 and has 100% chance to burn Inferno
44%
Green 3 and is a Fighting type move
37%
Green 1 and was previously an HM move Rock Smash
37%
Red 1 That can flinch the opponent Twister
37%
Yellow 4 Introduced after Generation 4
35%
Yellow 1 and is a status move Spiky Shield
14%
No matching quizzes found
Score Distribution
Percent of People with Each Score
Percentile by Number Answered
Your Score History
You have not taken this quiz